000 00436nam a22001577a 4500
003 OSt
005 20221026203157.0
008 221021b |||||||| |||| 00| 0 eng d
040 _cBiblioteca LadoV
082 _a779
_bM233m
100 _9207
_aMajluf, Natalia
_ecurador
245 _aMali FotografĂ­a/
260 _aPeru
_c2006
_bMuseo de Arte de Lima
300 _a80p.
_c14x16cm
942 _2ddc
_c1
_h779
_iM233m
_n0
999 _c2359
_d2359